Which ______ is/has...? (Countries Edition) - Statistics

General Stats
  • This quiz has been taken 24 times
  • The average score is 5 of 10
Answer Stats
Question Answer % Correct
Which country is largest by size? Hungary
70%
Which country has the least amount of timezones? China
65%
Which country borders the least countries? Belgium
57%
Which country is the most ethnically diverse? South Africa
57%
Which country has the most Summer Olympic medals? Australia
48%
Which country has the largest Muslim population? India
43%
Which country has the most people of Chinese descent? Malaysia
35%
Which country is furthest from Nigeria? Norway
35%
Which country is closest to Antarctica? Uganda
26%
Which country has got their independence the most recent? Brunei
17%
No matching quizzes found
Score Distribution
Percent of People with Each Score
Percentile by Number Answered
Your Score History
You have not taken this quiz